00494nam a2200193 a 4500001001300000003000900013005001700022008004100039020001000080082001700090100002100107245002800128260004600156300000900202500003500211505001300246650002000259700002100279nice12345678IN_TiNIC20260116013637.0050524s1995 mada grp 000 0 eng  ac75000a294.513bCOL aColeman, Charles aMythology of the Hindus aMadrasbAsian Educational Services c1995 a401p aincludes index and biblioraphy2 aAppendix aMythology-Hindu1 aColeman, Charles